[Event "Rennes Masters op"]
[Site "Rennes"]
[Date "2013.03.31"]
[Round "4"]
[White "Colleter, Christian"]
[Black "Radovanovic, Vanja"]
[Result "1-0"]
[WhiteElo "1761"]
[BlackElo "1499"]
[PlyCount "77"]
[EventDate "2013.03.30"]
[EventType "tourn"]
[EventRounds "7"]
[EventCountry "FRA"]
[SourceTitle "EXT 2014"]
[Source "ChessBase"]
[SourceDate "2013.11.20"]
[SourceVersion "1"]
[SourceVersionDate "2013.11.20"]
[SourceQuality "1"]

1. e4 c5 2. Nf3 Nc6 3. d4 cxd4 4. Nxd4 e5 5. Nb5 d6 6. a4 Be7 7. N1c3 a6 8. Na3 Be6 9. Be3 Nf6 10. Nc4 0-0 11. Nb6 Rb8 12. Be2 Nd7 13. a5 Nxa5 14. Nxd7 Bxd7 15. 0-0 Nc6 16. Nd5 Bg5 17. Bb6 Qe8 18. Bc7 Rc8 19. Bxd6 Be7 20. Nxe7+ Nxe7 21. Bxe5 Ng6 22. Bd6 Ne7 23. Kh1 Be6 24. Bd3 Qd7 25. Bb4 Rfd8 26. f4 Bc4 27. Rf3 Nc6 28. Bc3 Nd4 29. Rh3 Ne6 30. Qg4 Nd4 31. f5 f6 32. Qh5 h6 33. Qg4 Qf7 34. Rxh6 Bxd3 35. cxd3 Rxc3 36. bxc3 Nc2 37. Rc1 Ne3 38. Qg3 b5 39. Rh3 1-0

[Event "Rennes Masters op"]
[Site "Rennes"]
[Date "2013.03.30"]
[Round "1"]
[White "Louis, Corentin"]
[Black "Radovanovic, Vanja"]
[Result "1-0"]
[WhiteElo "1985"]
[BlackElo "1499"]
[PlyCount "45"]
[EventDate "2013.03.30"]
[EventType "tourn"]
[EventRounds "7"]
[EventCountry "FRA"]
[SourceTitle "EXT 2014"]
[Source "ChessBase"]
[SourceDate "2013.11.20"]
[SourceVersion "1"]
[SourceVersionDate "2013.11.20"]
[SourceQuality "1"]

1. e4 c5 2. Ne2 Nc6 3. Nbc3 Nf6 4. g3 g6 5. Bg2 Bg7 6. 0-0 e5 7. d3 0-0 8. Bg5 Ne7 9. Qd2 d6 10. f4 Nh5 11. Bxe7 Qxe7 12. Nd5 Qd8 13. Bf3 Bh3 14. Rf2 Nf6 15. Ne3 Qd7 16. Bg2 Bg4 17. Re1 exf4 18. gxf4 Nh5 19. c3 Rab8 20. f5 Bxe2 21. Qxe2 Be5 22. Ng4 g5 23. Nxe5 1-0

[Event "Ille et Vilaine-ch 1112"]
[Site "Ile et Vilaine"]
[Date "2012.01.21"]
[Round "4.2"]
[White "Radovanovic, Vanja"]
[Black "Huard, Herve"]
[Result "1/2-1/2"]
[WhiteElo "1499"]
[BlackElo "1803"]
[PlyCount "82"]
[EventDate "2012.10.??"]
[EventType "swiss"]
[EventRounds "7"]
[EventCountry "FRA"]
[SourceTitle "EXT 2014"]
[Source "ChessBase"]
[SourceDate "2013.11.20"]
[SourceVersion "1"]
[SourceVersionDate "2013.11.20"]
[SourceQuality "1"]

1. d4 Nf6 2. c4 c5 3. d5 b5 4. cxb5 a6 5. Nc3 axb5 6. Nxb5 Qa5+ 7. Nc3 Ba6 8. Bd2 Qc7 9. g3 g6 10. Bg2 d6 11. Nf3 Bg7 12. 0-0 Nbd7 13. Re1 Ng4 14. h3 Nge5 15. Nxe5 Nxe5 16. Qa4+ Nd7 17. Qc6 Qa7 18. Nb5 Bxb5 19. Qxb5 0-0 20. Bc3 Rfb8 21. Qd3 Ne5 22. Qc2 c4 23. Kf1 Qc7 24. f4 Nd7 25. Bxg7 Kxg7 26. b3 Rc8 27. Rec1 Nf6 28. bxc4 Ra3 29. g4 Qa5 30. Qb2 Kg8 31. Kg1 Qa7+ 32. Kh1 Rb8 33. Qd2 Qf2 34. Rc3 Rba8 35. Rxa3 Rxa3 36. Rf1 Qh4 37. Rf3 Ne4 38. Qb2 Rxf3 39. exf3 Qe1+ 40. Kh2 Nd2 41. Qc2 Qe2 1/2-1/2